| 000 | 00936nas a2200337 4500 | ||
|---|---|---|---|
| 001 | BR8901343 | ||
| 003 | BR-BrBNA | ||
| 005 | 20231205091503.0 | ||
| 007 | ta | ||
| 008 | 230509b bl.|||p| |||| 00| 00por d | ||
| 040 |
_aBR-BrBNA _bpor _cBiblioteca Nacional de Agricultura |
||
| 041 | _a(Pt) | ||
| 072 | _aH10 | ||
| 100 | 1 | _aWaquil, J.M. | |
| 100 | 1 | _aCruz, I. | |
| 100 | 1 | _aViana, P.A. | |
| 245 | 1 | _aPragas do sorgo | |
| 650 | _aSORGO | ||
| 650 | _aPAO DE GALINHA | ||
| 650 | _aPERCEVEJO CASTANHO | ||
| 650 | _aLAGARTA | ||
| 650 | _aPULGAO | ||
| 650 | _aBROCA | ||
| 650 | _aPERCEVEJO | ||
| 650 | _aTRACA DOS CEREAIS | ||
| 650 | _aGORGULHO DOS CEREAIS | ||
| 650 | _aCONTROLE CULTURAL | ||
| 773 | 0 |
_tInforme Agropecuario - Empresa de Pesquisa Agropecuaria de Minas Gerais (Brazil) _xISSN 0100-3364 _g(Dec 1986), v. 12(144) p. 46-51 _wBR8901343 |
|
| 909 |
_a202311 _bLúcia _c55 _dLúcia Elande |
||
| 942 |
_2AGRIS _n0 _cANA |
||
| 999 |
_c125416 _d125416 |
||